Financial statement analysis and security valuation / (Record no. 345541)

000 -LEADER
fixed length control field 01547 a2200205 4500
020 ## - INTERNATIONAL STANDARD BOOK NUMBER
International Standard Book Number 007253317X
020 ## - INTERNATIONAL STANDARD BOOK NUMBER
International Standard Book Number 9780072533170
082 04 - DEWEY DECIMAL CLASSIFICATION NUMBER
Classification number 332.632042
090 ## - LOCALLY ASSIGNED LC-TYPE CALL NUMBER (OCLC); LOCAL CALL NUMBER (RLIN)
-- 3051
-- 3051
100 1# - MAIN ENTRY--PERSONAL NAME
Personal name Penman, Stephen.
245 10 - TITLE STATEMENT
Title Financial statement analysis and security valuation /
Statement of responsibility, etc. Stephen Penman.
250 ## - EDITION STATEMENT
Edition statement 2nd ed.
260 ## - PUBLICATION, DISTRIBUTION, ETC.
Place of publication, distribution, etc. [S.l.] :
Name of publisher, distributor, etc. McGraw-Hill/Irwin,
Date of publication, distribution, etc. 2003.
300 ## - PHYSICAL DESCRIPTION
Extent 768 p. ;
Dimensions 26 cm.
500 ## - GENERAL NOTE
General note Hardcover.
520 ## - SUMMARY, ETC.
Summary, etc. Penman's Financial Statement Analysis and Security Valuation 2/e focuses on the output of financial statements, not the input. As such, the book asks what financial statements tell you, not how they are prepared. The idea is to get students to see accounting "working." The book focuses on using financial statements in valuation. The text takes the approach that the best way to accurately value a firm is to look at the future earnings of the firm. The main pretext of the book is that financial statement analysis and valuation analysis are inextricably entwined: valuation is an exercise in financial statement analysis. Financial statement analysis is directed by the need to get information for valuation. Accordingly, the book brings finance and accounting concepts together. The book stresses concepts, but the idea is to show how to move from concepts to practice.
856 40 - ELECTRONIC LOCATION AND ACCESS
Materials specified Amazon.com
Uniform Resource Identifier <a href="http://www.amazon.com/exec/obidos/ASIN/007253317X/chopaconline-20">http://www.amazon.com/exec/obidos/ASIN/007253317X/chopaconline-20</a>
856 40 - ELECTRONIC LOCATION AND ACCESS
Materials specified Amazon customer reviews
Uniform Resource Identifier <a href="http://www.chopac.org/cgi-bin/tools/azrev.pl?q=007253317X">http://www.chopac.org/cgi-bin/tools/azrev.pl?q=007253317X</a>
942 ## - ADDED ENTRY ELEMENTS (KOHA)
Institution code [OBSOLETE] NBS
Koha item type Book
Call number prefix 332.632042 PEN
Holdings
Withdrawn status Lost status Damaged status Not for loan Permanent Location Current Location Date acquired Total Checkouts Full call number Barcode Date last seen Date last checked out Price effective from Koha item type
        Central Library (CL) Central Library (CL) 08/28/2013 1 332.632042 PEN NBS7001 11/22/2017 08/08/2017 08/28/2013 Book
        Central Library (CL) Central Library (CL) 08/28/2013 1 332.632042 PEN NBS6702 02/03/2022 08/08/2017 08/28/2013 Book
        Central Library (CL) Central Library (CL) 08/28/2013 2 332.632042 PEN NBS7140 10/08/2019 06/07/2018 08/28/2013 Book
© 2023 Central Library, National University of Sciences and Technology. All Rights Reserved.